| 000 | 00586nam a2200181 a 4500 | ||
|---|---|---|---|
| 005 | 20240925064109.0 | ||
| 008 | 991125s1966 ag 000 0 spa u | ||
| 035 | _aUPN01000008917 | ||
| 049 | _aCG | ||
| 050 | 4 |
_aBF721 _bG5.28 |
|
| 100 | 1 | _aGillham, Helen L. | |
| 245 | 1 | 0 |
_aCómo ayudar a los niños a aceptarse a sí mismos y a aceptar a los demás / _cHelen L. Gillham ; tr. de Eva Flora W. de Setaro. |
| 260 |
_aBuenos Aires : _bPaidós, _c1966. |
||
| 300 | _a86 p. | ||
| 440 | 0 |
_aBiblioteca del educador contemporáneo ; _v32 |
|
| 650 | 4 |
_aNiño, Estudio del _9221 |
|
| 905 | _aLibro | ||
| 999 |
_c8917 _d8917 |
||